01102nam a22002417a 45000010005000000030006000050050017000110080041000280200018000690400029000870500015001160820010001311000030001412450079001712600040002503000045002905050007003355200431003425210018007735210018007916500027008096500024008369271FISKH20251208162852.0251208b cb ||||| |||| 00| 0 eng d a9780545805384 aFISKHbengcFISKHdFISKH aQA273 .G65 a519.2 aGoldstone, Bruce eAuthor aThat's a possibility! :bA book about what might happen /cBruce Goldstone aNew York :bScholastic Inc. ,c2013 a32 pages :bcolor illustrations ;c28 cm aL  a"With colorful photographs and interactive examples, Bruce Goldstone introduces children to the ideas of something being possible, probable, or impossible. Each spread features an easy-to-understand, fun scenario such as dice rolling and bowling, with questions about probable outcomes and simple explanations. In the vein of GREAT ESTIMATIONS, this is a perfect book for getting across important math concepts in a fun way"--8 a580 bLexile 8 aL bRaz-Plus  aProbability vProbable aMath vMath cabinet